Vedecká organizácia práce do roku 2000

Bibliographic Details
Main Author: Kassay, Štefan, 1941- (Author)
Format: Article
Language:Slovak
Subjects:

MARC

LEADER 00000nab a2200000 a 4500
001 vtls000189668
003 SK-MaSNL
005 20260302213046.0
008 111106c1984 xo 0 slo
015 |a SNBRB19rr/mm-uuuuu 
035 |a CL0199781 
040 |a SNKBUCL  |b slo  |c SNKBUCL  |e AACR2 
041 0 |a slo 
044 |a xo  |c SK 
080 |a 331.87.001.18  |2 1981 
080 |a 65.01  |2 1981 
100 1 |a Kassay, Štefan,  |d 1941-  |4 aut  |9 88589 
245 1 0 |a Vedecká organizácia práce do roku 2000  |c Štefan Kassay 
650 0 7 |a organizácia práce vedecká  |2 snkbucl  |9 938492 
651 7 |a 5403  |2 snkbucl  |9 893808 
655 7 |a články z novín a časopisov  |2 snkbucl  |9 267496 
773 0 |t Technické noviny  |g Roč. 32, č. 26 (1984), s. 18 
850 |a Slovenská národná knižnica v Martine  |a MTA001 
852 |a SNK  |b KIS3GCP 
958 |a RK 
992 |a RBX 
999 |c 1492004  |d 1493934